[Event "Wiesbaden op 26th"]
[Site "Wiesbaden"]
[Date "2014.08.31"]
[Round "7"]
[White "Rafiee, Makan"]
[Black "Davenport, Darcy"]
[Result "1-0"]
[WhiteElo "2258"]
[BlackElo "2153"]
[PlyCount "69"]
[EventDate "2014.08.28"]
[EventType "swiss"]
[EventRounds "7"]
[EventCountry "GER"]
[SourceTitle "CBM 162 Extra"]
[Source "ChessBase"]
[SourceDate "2014.10.17"]
[SourceVersion "1"]
[SourceVersionDate "2014.10.17"]
[SourceQuality "1"]

1. e4 c6 2. d4 d5 3. Nc3 dxe4 4. Nxe4 Nd7 5. Ng5 Ngf6 6. Bd3 e6 7. N1f3 Bd6 8. Qe2 h6 9. Ne4 Nxe4 10. Qxe4 Qc7 11. Qg4 Kf8 12. 0-0 b6 13. Re1 Bb7 14. b3 Nf6 15. Qh3 Nd5 16. Ne5 c5 17. Bb2 Nf4 18. Qg4 Bxe5 19. Rxe5 Nxd3 20. cxd3 cxd4 21. Bxd4 Rg8 22. Bb2 Qd7 23. Ba3+ Ke8 24. Rae1 Bd5 25. Qb4 Bb7 26. d4 Kd8 27. h3 Re8 28. R5e3 Rc8 29. Rg3 g6 30. Bc1 Rc2 31. Bxh6 Bd5 32. Rc3 Rxc3 33. Qxc3 Qc6 34. Qg3 Qb7 35. Qd6+ 1-0

[Event "Wiesbaden op 26th"]
[Site "Wiesbaden"]
[Date "2014.08.29"]
[Round "3"]
[White "Davenport, Darcy"]
[Black "Oezdemir, Ali Oezden"]
[Result "1-0"]
[WhiteElo "2153"]
[BlackElo "1958"]
[PlyCount "59"]
[EventDate "2014.08.28"]
[EventType "swiss"]
[EventRounds "7"]
[EventCountry "GER"]
[SourceTitle "CBM 162 Extra"]
[Source "ChessBase"]
[SourceDate "2014.10.17"]
[SourceVersion "1"]
[SourceVersionDate "2014.10.17"]
[SourceQuality "1"]

1. d4 Nf6 2. c4 g6 3. Nf3 Bg7 4. g3 0-0 5. Bg2 d6 6. 0-0 Nbd7 7. Nc3 e5 8. e4 exd4 9. Nxd4 Re8 10. h3 c6 11. Re1 a5 12. Rb1 Nc5 13. Bf4 Nh5 14. Be3 Nf6 15. Qc2 Nfd7 16. Rbd1 a4 17. f4 Qa5 18. Bf2 a3 19. b3 Na6 20. Nde2 Nb4 21. Qd2 Bf8 22. Na4 Nc5 23. Nxc5 dxc5 24. g4 b5 25. cxb5 cxb5 26. e5 Ra7 27. Nc3 Bb7 28. Bxb7 Rxb7 29. Ne4 Kg7 30. Qc3 1-0

[Event "Rhein Main op-A 17th"]
[Site "Bad Homburg"]
[Date "2014.06.22"]
[Round "7"]
[White "Barthel, Ansgar"]
[Black "Davenport, Darcy"]
[Result "1/2-1/2"]
[WhiteElo "2203"]
[BlackElo "2141"]
[PlyCount "51"]
[EventDate "2014.06.18"]
[EventType "swiss"]
[EventRounds "7"]
[EventCountry "GER"]
[SourceTitle "CBM 161 Extra"]
[Source "ChessBase"]
[SourceDate "2014.08.29"]
[SourceVersion "1"]
[SourceVersionDate "2014.08.29"]
[SourceQuality "1"]

1. e4 c6 2. d4 d5 3. Nc3 dxe4 4. Nxe4 Nd7 5. Bc4 Ngf6 6. Ng5 e6 7. Qe2 Nb6 8. Bd3 h6 9. N5f3 c5 10. dxc5 Bxc5 11. Ne5 Nbd7 12. Ngf3 Qc7 13. 0-0 0-0 14. Bf4 Bd6 15. Nxd7 Bxd7 16. Bxd6 Qxd6 17. Rad1 Qb6 18. c4 Rfd8 19. Ne5 Be8 20. b3 a5 21. Bc2 Qc5 22. Ng4 Nxg4 23. Qxg4 Bc6 24. Qh4 Qg5 25. Qxg5 hxg5 26. f3 1/2-1/2

[Event "Rhein Main op-A 16th"]
[Site "Bad Homburg"]
[Date "2013.06.01"]
[Round "5"]
[White "Davenport, Darcy"]
[Black "Malek, Daniel"]
[Result "0-1"]
[WhiteElo "2140"]
[BlackElo "2405"]
[PlyCount "86"]
[EventDate "2013.05.29"]
[EventType "swiss"]
[EventRounds "7"]
[EventCountry "GER"]
[SourceTitle "EXT 2014"]
[Source "ChessBase"]
[SourceDate "2013.11.20"]
[SourceVersion "1"]
[SourceVersionDate "2013.11.20"]
[SourceQuality "1"]

1. Nf3 Nf6 2. c4 e6 3. Nc3 Bb4 4. Qc2 0-0 5. a3 Bxc3 6. Qxc3 d6 7. e3 e5 8. d3 a5 9. b3 c5 10. Bb2 Nc6 11. Be2 Re8 12. 0-0 Bf5 13. Rfd1 Qe7 14. Nd2 Bg4 15. Bf3 Bxf3 16. Nxf3 Rad8 17. Rac1 h6 18. h3 b6 19. Qc2 Nh7 20. Nd2 f5 21. Nb1 Qh4 22. Nc3 f4 23. Qe2 h5 24. Qf3 Ne7 25. exf4 exf4 26. Nd5 Ng6 27. d4 Ng5 28. Qd3 Kh7 29. f3 Qg3 30. Kh1 Kh6 31. Qf1 Nh4 32. Rc2 Nf5 33. Bc1 Ne6 34. Re2 cxd4 35. Rxe6+ Rxe6 36. Nxf4 Re3 37. Ne2 Qe5 38. Qf2 Kh7 39. Bxe3 dxe3 40. Qe1 Qb2 41. Rd5 g6 42. g4 Qxe2 43. Qxe2 Ng3+ 0-1

[Event "Rhein Main op-A 16th"]
[Site "Bad Homburg"]
[Date "2013.05.31"]
[Round "4"]
[White "Seidel, Juergen"]
[Black "Davenport, Darcy"]
[Result "0-1"]
[WhiteElo "2072"]
[BlackElo "2140"]
[PlyCount "74"]
[EventDate "2013.05.29"]
[EventType "swiss"]
[EventRounds "7"]
[EventCountry "GER"]
[SourceTitle "EXT 2014"]
[Source "ChessBase"]
[SourceDate "2013.11.20"]
[SourceVersion "1"]
[SourceVersionDate "2013.11.20"]
[SourceQuality "1"]

1. e4 c6 2. d3 d5 3. Nd2 e5 4. Ngf3 Bd6 5. Be2 Nf6 6. c3 0-0 7. 0-0 Re8 8. Qc2 Nbd7 9. Re1 a5 10. a4 Qc7 11. b3 Nf8 12. Nf1 dxe4 13. dxe4 Ng6 14. Ne3 Bc5 15. Bf1 Ng4 16. Bc4 h6 17. g3 Nf8 18. Kg2 Nxe3+ 19. Bxe3 Bxe3 20. Rxe3 Be6 21. Be2 Qb6 22. Nd2 Qc7 23. Nf1 Qb6 24. Nd2 Qc7 25. Nf1 Red8 26. Rd1 Qb6 27. Rxd8 Rxd8 28. Nd2 Qc5 29. Rd3 Rb8 30. f4 exf4 31. gxf4 Ng6 32. f5 Nf4+ 33. Kf3 Nxd3 34. Qxd3 Rf8 35. fxe6 fxe6+ 36. Kg2 Qg5+ 37. Kh3 Rd8 0-1

[Event "NRW Class2 1011"]
[Site "Germany"]
[Date "2011.03.13"]
[Round "8.4"]
[White "Davenport, Darcy"]
[Black "Wille, Thomas"]
[Result "1/2-1/2"]
[WhiteElo "2136"]
[BlackElo "2168"]
[PlyCount "92"]
[EventDate "2010.09.26"]
[EventType "team-tourn"]
[EventRounds "9"]
[EventCountry "GER"]
[SourceTitle "EXT 2012"]
[Source "ChessBase"]
[SourceDate "2011.11.24"]
[SourceVersion "1"]
[SourceVersionDate "2011.11.24"]
[SourceQuality "1"]
[WhiteTeam "Muenster II"]
[BlackTeam "Mettmann Sport"]
[WhiteTeamCountry "GER"]
[BlackTeamCountry "GER"]

1. d4 Nf6 2. c4 e6 3. Nc3 Bb4 4. Qc2 c5 5. dxc5 Na6 6. Nf3 Nxc5 7. a3 Bxc3+ 8. Qxc3 a5 9. Bf4 a4 10. Nd2 d6 11. f3 e5 12. Bg3 Qa5 13. Qxa5 Rxa5 14. e4 Be6 15. Be2 Ke7 16. 0-0 Nh5 17. Rfd1 Nxg3 18. hxg3 Rc8 19. Rac1 Bd7 20. Rc3 Ne6 21. Rdc1 Rc7 22. Nf1 Nd4 23. Kf2 Rc6 24. Ne3 Be6 25. Bd1 Rb6 26. Rb1 f5 27. exf5 Nxf5 28. Bc2 Nxe3 29. Kxe3 Rc5 30. Bd3 h6 31. b4 axb3 32. Rcxb3 Rxb3 33. Rxb3 Bxc4 34. Rxb7+ Kf6 35. Rd7 Ke6 36. Rxg7 Bxd3 37. Kxd3 Ra5 38. Rg6+ Kd5 39. Rxh6 Rxa3+ 40. Ke2 Ra2+ 41. Kf1 Kc5 42. Re6 Kd5 43. Rf6 Kc5 44. Re6 Kd5 45. Rf6 Kc5 46. Re6 Kd5 1/2-1/2

[Event "NRW Class2 1011"]
[Site "Germany"]
[Date "2010.12.19"]
[Round "4.4"]
[White "Davenport, Darcy"]
[Black "Buendgen, Achim"]
[Result "0-1"]
[WhiteElo "2136"]
[BlackElo "2132"]
[PlyCount "107"]
[EventDate "2010.09.26"]
[EventType "team-tourn"]
[EventRounds "9"]
[EventCountry "GER"]
[SourceTitle "EXT 2012"]
[Source "ChessBase"]
[SourceDate "2011.11.24"]
[SourceVersion "1"]
[SourceVersionDate "2011.11.24"]
[SourceQuality "1"]
[WhiteTeam "Muenster II"]
[BlackTeam "Rheine Klein Berlin"]
[WhiteTeamCountry "GER"]
[BlackTeamCountry "GER"]

1. Nf3 g6 2. d4 Bg7 3. c4 d6 4. Nc3 Bg4 5. g3 Bxf3 6. exf3 Nc6 7. d5 Nd4 8. Be3 c5 9. dxc6 Nxc6 10. Bg2 Nf6 11. 0-0 0-0 12. Rc1 Nd7 13. Qe2 Rc8 14. Rfd1 Qa5 15. a3 Rfe8 16. f4 Qa6 17. Bh3 f5 18. Bg2 Nf6 19. Nb5 Na5 20. Bf1 Nb3 21. Rc3 Nc5 22. b4 Nce4 23. Rcc1 Ng4 24. f3 Nxe3 25. Qxe3 Nf6 26. Nxa7 Ra8 27. Nb5 Qc6 28. Qb3 Kh8 29. a4 Rad8 30. a5 e5 31. fxe5 dxe5 32. c5 Rd7 33. Rxd7 Qxd7 34. Rd1 Qe7 35. Nd6 Rf8 36. Bg2 e4 37. Re1 Nh5 38. Qc4 e3 39. f4 g5 40. Qe2 Bc3 41. Rd1 Ng7 42. Bxb7 Bxb4 43. a6 Bxc5 44. Nc4 gxf4 45. gxf4 Ne6 46. Kh1 Nxf4 47. Qb2+ Qf6 48. Qxf6+ Rxf6 49. Ne5 Re6 50. Nf3 e2 51. Ra1 Ba7 52. h4 Rg6 53. Re1 Rg3 54. Bc8 0-1

[Event "Muensterland op 28th"]
[Site "Senden"]
[Date "2010.10.17"]
[Round "3"]
[White "Davenport, Darcy"]
[Black "Kotainy, Jens"]
[Result "0-1"]
[WhiteElo "2136"]
[BlackElo "2343"]
[PlyCount "62"]
[EventDate "2010.10.16"]
[EventType "swiss"]
[EventRounds "9"]
[EventCountry "GER"]
[SourceTitle "CBM 138 Extra"]
[Source "ChessBase"]
[SourceDate "2010.10.29"]
[SourceVersion "1"]
[SourceVersionDate "2010.10.29"]
[SourceQuality "1"]

1. Nf3 e6 2. c4 Nf6 3. d4 c5 4. d5 b5 5. dxe6 fxe6 6. cxb5 d5 7. e3 Bd6 8. Nbd2 0-0 9. Qc2 Qa5 10. b4 Qxb4 11. Bb2 Nbd7 12. Bc3 Qg4 13. h3 Qh5 14. Be2 a6 15. a4 axb5 16. axb5 Rxa1+ 17. Bxa1 Bb7 18. Ne5 Qg5 19. Ndf3 Qf5 20. Bd3 Qh5 21. g4 Qe8 22. Nxd7 Qxd7 23. Ng5 h6 24. Bxf6 gxf6 25. Nf3 c4 26. Be2 Qh7 27. Qxh7+ Kxh7 28. Nd4 e5 29. Nf5 Bb4+ 30. Kf1 d4 31. f3 d3 0-1

[Event "Muensterland Verbandsliga 0910"]
[Site "Germany"]
[Date "2010.05.08"]
[Round "9.4"]
[White "Lipkin, Ilia"]
[Black "Davenport, Darcy"]
[Result "0-1"]
[WhiteElo "1900"]
[BlackElo "2076"]
[PlyCount "78"]
[EventDate "2009.09.26"]
[EventType "team-tourn"]
[EventRounds "9"]
[EventCountry "GER"]
[SourceTitle "EXT 2011"]
[Source "ChessBase"]
[SourceDate "2010.11.26"]
[SourceVersion "1"]
[SourceVersionDate "2010.11.26"]
[SourceQuality "1"]
[WhiteTeam "Nienberge"]
[BlackTeam "Muenster II"]
[WhiteTeamCountry "GER"]
[BlackTeamCountry "GER"]

1. Nf3 Nf6 2. g3 d5 3. Bg2 c6 4. 0-0 Bg4 5. d3 Nbd7 6. Nbd2 e5 7. h3 Bh5 8. e4 dxe4 9. Nxe4 Nxe4 10. dxe4 Bc5 11. c3 a5 12. Qb3 Qc7 13. g4 Bg6 14. Nh4 0-0 15. Kh1 a4 16. Qc2 Rfe8 17. Nf5 Nf8 18. f4 f6 19. fxe5 fxe5 20. Bg5 Ne6 21. Bh4 Nf4 22. Rad1 Bf7 23. c4 Be6 24. Bf2 Bf8 25. Be3 g6 26. Ng3 Be7 27. Ne2 g5 28. Ng3 Bf8 29. Kh2 Qf7 30. b3 axb3 31. axb3 b5 32. Rc1 bxc4 33. bxc4 Ra3 34. Bxf4 exf4 35. Nf5 h5 36. gxh5 Qxh5 37. Qd1 Qg6 38. Qg4 Rg3 39. Qe2 Bxf5 0-1

[Event "Muensterland Verbandsliga 0910"]
[Site "Germany"]
[Date "2010.03.06"]
[Round "7.4"]
[White "Wendker, Christian"]
[Black "Davenport, Darcy"]
[Result "1/2-1/2"]
[WhiteElo "1983"]
[BlackElo "2076"]
[PlyCount "111"]
[EventDate "2009.09.26"]
[EventType "team-tourn"]
[EventRounds "9"]
[EventCountry "GER"]
[SourceTitle "EXT 2011"]
[Source "ChessBase"]
[SourceDate "2010.11.26"]
[SourceVersion "1"]
[SourceVersionDate "2010.11.26"]
[SourceQuality "1"]
[WhiteTeam "Ostbevern Westbevern"]
[BlackTeam "Muenster II"]
[WhiteTeamCountry "GER"]
[BlackTeamCountry "GER"]

1. e4 c6 2. d4 d5 3. e5 Bf5 4. h4 h5 5. c4 e6 6. Ne2 Be7 7. Ng3 Bg6 8. Be2 dxc4 9. Nc3 Nd7 10. Nce4 Nb6 11. Bxh5 Bxh5 12. Nxh5 Qd5 13. Nhg3 0-0-0 14. Be3 Qb5 15. Qc2 Bb4+ 16. Nc3 Qa4 17. 0-0-0 Qxc2+ 18. Kxc2 Nh6 19. f3 Nd5 20. Bd2 Be7 21. a3 b6 22. h5 Kb7 23. Rde1 Rd7 24. Re4 Rhd8 25. Nge2 Nc7 26. g4 b5 27. Rg1 a6 28. Bxh6 gxh6 29. f4 Rg8 30. Re3 c5 31. Re4 Rgd8 32. Rd1 b4 33. Nb1 Nb5 34. axb4 cxd4 35. Kc1 Bxb4 36. g5 Bf8 37. g6 fxg6 38. hxg6 Kc6 39. Ng3 Be7 40. Nd2 Kc5 41. Rh1 c3 42. Nf3 cxb2+ 43. Kxb2 Bf8 44. f5 exf5 45. Nxf5 Rb7 46. Kc2 Kd5 47. Rg4 Rc8+ 48. Kd2 Bb4+ 49. Ke2 Rc2+ 50. Kf1 Rc1+ 51. Kg2 Rxh1 52. Kxh1 Bf8 53. N5xd4 Bg7 54. Nf5 Ke6 55. Nxg7+ Rxg7 56. Ra4 1/2-1/2

[Event "Muensterland Verbandsliga 0607"]
[Site "Germany"]
[Date "2006.10.28"]
[Round "2.3"]
[White "Storck, Martin"]
[Black "Davenport, Darcy"]
[Result "1/2-1/2"]
[WhiteElo "1986"]
[BlackElo "2115"]
[PlyCount "30"]
[EventDate "2006.09.16"]
[EventType "team"]
[EventRounds "9"]
[EventCountry "GER"]
[SourceTitle "EXT 2008"]
[Source "ChessBase"]
[SourceDate "2007.11.25"]
[SourceVersion "1"]
[SourceVersionDate "2007.11.25"]
[SourceQuality "1"]
[WhiteTeam "Gronau"]
[BlackTeam "Westbevern"]
[WhiteTeamCountry "GER"]
[BlackTeamCountry "GER"]

1. c4 c5 2. Nc3 Nc6 3. g3 g6 4. Bg2 Bg7 5. e3 e6 6. Nge2 Nge7 7. 0-0 0-0 8. d4 cxd4 9. exd4 d5 10. cxd5 Nxd5 11. Nxd5 exd5 12. Be3 Bg4 13. Re1 Qb6 14. Bxd5 Rad8 15. Qb3 Qxb3 1/2-1/2

[Event "Muensterland Verbandsliga 0304"]
[Site "Germany"]
[Date "2004.02.28"]
[Round "7.2"]
[White "Molinaroli, Martin"]
[Black "Davenport, Darcy"]
[Result "1/2-1/2"]
[WhiteElo "2237"]
[BlackElo "2115"]
[PlyCount "57"]
[EventDate "2003.09.27"]
[EventType "team"]
[EventRounds "9"]
[EventCountry "GER"]
[SourceTitle "EXT 2005"]
[Source "ChessBase"]
[SourceDate "2004.11.15"]
[SourceVersion "1"]
[SourceVersionDate "2004.11.15"]
[SourceQuality "1"]
[WhiteTeam "Muenster II"]
[BlackTeam "Rheine Klein Berlin"]
[WhiteTeamCountry "GER"]
[BlackTeamCountry "GER"]

1. Nf3 Nf6 2. d4 e6 3. c3 b6 4. Bg5 h6 5. Bxf6 Qxf6 6. g3 Bb7 7. Bg2 g6 8. 0-0 Bg7 9. Nbd2 0-0 10. e4 d6 11. Re1 Nd7 12. e5 Qe7 13. exd6 cxd6 14. a4 Rab8 15. a5 b5 16. Nb3 Bd5 17. Nfd2 Nf6 18. h3 Qc7 19. Bxd5 Nxd5 20. Qf3 Rfc8 21. Rac1 Qb7 22. Ne4 Rc6 23. Kh2 Qd7 24. Qd3 Qc7 25. Kg2 Qb7 26. Kh2 Qc7 27. Kg2 Qb7 28. Kh2 Qc7 29. Kg2 1/2-1/2

[Event "Muensterland Verbandsliga 0304"]
[Site "Germany"]
[Date "2003.12.06"]
[Round "4.2"]
[White "Davenport, Darcy"]
[Black "Busch, Martin"]
[Result "1/2-1/2"]
[WhiteElo "2115"]
[BlackElo "1985"]
[PlyCount "48"]
[EventDate "2003.09.27"]
[EventType "team"]
[EventRounds "9"]
[EventCountry "GER"]
[SourceTitle "EXT 2005"]
[Source "ChessBase"]
[SourceDate "2004.11.15"]
[SourceVersion "1"]
[SourceVersionDate "2004.11.15"]
[SourceQuality "1"]
[WhiteTeam "Rheine Klein Berlin"]
[BlackTeam "Muenster III"]
[WhiteTeamCountry "GER"]
[BlackTeamCountry "GER"]

1. d4 Nf6 2. c4 e6 3. Nf3 b6 4. g3 Ba6 5. b3 Bb7 6. Bg2 Bb4+ 7. Bd2 a5 8. 0-0 0-0 9. Qc2 d6 10. Bg5 a4 11. Nc3 Bxc3 12. Qxc3 Nbd7 13. b4 h6 14. Bc1 Ne4 15. Qc2 c5 16. bxc5 dxc5 17. Ba3 Qc7 18. Ne1 Nd6 19. Bxb7 Qxb7 20. dxc5 Nxc5 21. Rb1 Rfc8 22. Nd3 Qe4 23. Rfc1 Ncb7 24. Bxd6 Nxd6 1/2-1/2

[Event "Muenster op"]
[Site "Muenster"]
[Date "1995.??.??"]
[Round "3"]
[White "Schmitz, Andreas"]
[Black "Davenport, Darcy"]
[Result "1-0"]
[WhiteElo "2180"]
[BlackElo "2115"]
[PlyCount "81"]
[EventDate "1995.??.??"]
[EventType "swiss"]
[EventRounds "9"]
[EventCountry "GER"]
[SourceTitle "EXT 2001"]
[Source "ChessBase"]
[SourceDate "2000.11.22"]
[SourceVersion "1"]
[SourceVersionDate "2000.11.22"]
[SourceQuality "1"]

1. e4 c6 2. Nc3 d5 3. Qf3 dxe4 4. Nxe4 Nd7 5. d4 Ndf6 6. c3 Nxe4 7. Qxe4 Nf6 8. Qc2 Bg4 9. Be2 Bxe2 10. Nxe2 e6 11. Bf4 Be7 12. 0-0 0-0 13. Nc1 Qd5 14. Qb3 c5 15. dxc5 Bxc5 16. Qxd5 Nxd5 17. Nb3 Ba3 18. Bc1 Be7 19. Rd1 Rfc8 20. Nd4 a6 21. Nf5 Bc5 22. Ng3 b5 23. a4 h6 24. Bd2 Rd8 25. axb5 axb5 26. Nf1 Kh7 27. g3 Kg6 28. Kg2 Rdc8 29. Kf3 Nb6 30. Be3 Bxe3 31. Nxe3 Na4 32. Rd2 Nc5 33. Rxa8 Rxa8 34. b4 Na4 35. Ra2 Nb6 36. Ra5 Rxa5 37. bxa5 Nc8 38. Ke4 Na7 39. a6 Kf6 40. Kd4 Ke7 41. Kc5 1-0

[Event "Muenster op"]
[Site "Muenster"]
[Date "1995.??.??"]
[Round "7"]
[White "Thiel, Thomas"]
[Black "Davenport, Darcy"]
[Result "1-0"]
[WhiteElo "2310"]
[BlackElo "2115"]
[PlyCount "69"]
[EventDate "1995.??.??"]
[EventType "swiss"]
[EventRounds "9"]
[EventCountry "GER"]
[SourceTitle "EXT 2001"]
[Source "ChessBase"]
[SourceDate "2000.11.22"]
[SourceVersion "1"]
[SourceVersionDate "2000.11.22"]
[SourceQuality "1"]

1. e4 c6 2. d4 d5 3. exd5 cxd5 4. c4 Nf6 5. Nc3 e6 6. Nf3 Bb4 7. cxd5 Nxd5 8. Qc2 Nc6 9. a3 Be7 10. Bd3 Nf6 11. 0-0 0-0 12. Rd1 h6 13. Bf4 Nd5 14. Bg3 Nxc3 15. bxc3 Bf6 16. Be4 Qa5 17. Qb3 Rd8 18. Rac1 Ne7 19. Ne5 Nf5 20. Bxf5 Bxe5 21. Bxe5 exf5 22. c4 Qa6 23. d5 Bd7 24. Bb2 f6 25. Qg3 Re8 26. c5 Kh8 27. h4 Rac8 28. Qg6 Re4 29. c6 bxc6 30. dxc6 Be8 31. Qxf5 Re2 32. Bxf6 Rxc6 33. Be5 Qxa3 34. Rxc6 Rxe5 35. Rxh6+ 1-0

[Event "Muenster op"]
[Site "Muenster"]
[Date "1994.??.??"]
[Round "7"]
[White "Michalczak, Thomas"]
[Black "Davenport, Darcy"]
[Result "1-0"]
[WhiteElo "2365"]
[BlackElo "2130"]
[PlyCount "57"]
[EventDate "1994.09.??"]
[EventType "swiss"]
[EventRounds "9"]
[EventCountry "GER"]
[SourceTitle "EXT 1998"]
[Source "ChessBase"]
[SourceDate "1997.11.17"]
[SourceVersion "1"]
[SourceVersionDate "1997.11.17"]
[SourceQuality "1"]

1. e4 c5 2. Nf3 d6 3. d4 cxd4 4. Nxd4 Nf6 5. Nc3 a6 6. Bg5 e6 7. f4 Qb6 8. Nb3 Be7 9. Qf3 Nbd7 10. Bd3 Qc7 11. 0-0-0 b5 12. Rhe1 Bb7 13. a3 0-0-0 14. Qe2 Nc5 15. Nxc5 dxc5 16. e5 Nd5 17. Nxd5 exd5 18. Qg4+ Kb8 19. Bxe7 Qxe7 20. Qxg7 Rdg8 21. Qh6 Rxg2 22. Rg1 Rxg1 23. Rxg1 c4 24. Bxh7 Qc5 25. Qd6+ Qxd6 26. exd6 Rd8 27. Rg8 Rxg8 28. Bxg8 Kc8 29. h4 1-0